[Event "Roenne SF 100th Anniversary"]
[Site "Bornholm DEN"]
[Date "2001.06.26"]
[EventDate "2001.06.24"]
[Round "4"]
[Result "1-0"]
[White "Magnus Carlsen"]
[Black "Elena Tairova"]
[WhiteElo "2064"]
[BlackElo "2000"]
[PlyCount "93"]

1. d4 f5 2. Nf3 Nf6 3. g3 g6 4. Bg2 Bg7 5. c4 d6 6. O-O O-O
7. b3 Nbd7 8. Bb2 Qe8 9. d5 h6 10. Nbd2 g5 11. Nd4 Ne5
12. N2f3 f4 13. Nxe5 dxe5 14. Nb5 Qh5 15. e3 Qxd1 16. Raxd1
Ne8 17. exf4 a6 18. Na3 exf4 19. Bxg7 Nxg7 20. Rfe1 f3 21. Bf1
e6 22. d6 cxd6 23. Rxd6 Nf5 24. Rd2 Re8 25. Bh3 e5 26. Bg4
Nxg3 27. Bxc8 Ne2+ 28. Rdxe2 fxe2 29. Bxb7 Rad8 30. Bd5+ Kg7
31. Rxe2 Kf6 32. Nb1 g4 33. Nc3 Kf5 34. Be4+ Kg5 35. Nd5 a5
36. Rc2 Re6 37. c5 Rc8 38. a3 Rb8 39. b4 h5 40. c6 axb4
41. axb4 Rc8 42. b5 h4 43. c7 g3 44. hxg3 hxg3 45. b6 gxf2+
46. Kxf2 Rh6 47. b7 1-0

[Event "Serpukhov-D"]
[Site "Serpukhov"]
[Date "2003.??.??"]
[EventDate "?"]
[Round "11"]
[Result "1/2-1/2"]
[White "Elena Tairova"]
[Black "David S Markosian"]
[WhiteElo "2189"]
[BlackElo "2439"]
[PlyCount "61"]

1. e4 c6 2. d4 d5 3. exd5 cxd5 4. c4 Nf6 5. Nc3 Nc6 6. Bg5 Qa5
7. Bxf6 exf6 8. a3 dxc4 9. Bxc4 Bd6 10. Qe2+ Be7 11. d5 Nd4
12. Qd3 Nf5 13. Bb5+ Kf8 14. Nge2 Nd6 15. Nd4 a6 16. Ba4 Qd8
17. O-O g6 18. Rfe1 f5 19. Rad1 Kg7 20. h3 Bf6 21. Re2 Bd7
22. Bxd7 Qxd7 23. Ne6+ Kg8 24. Nd4 h6 25. Nf3 Kh7 26. Ne5 Qc7
27. f4 Rac8 28. Kh2 Rhe8 29. Rde1 Kg7 30. Qg3 Qd8 31. Qf3
1/2-1/2

[Event "Serpukhov-D"]
[Site "Serpukhov"]
[Date "2003.??.??"]
[EventDate "?"]
[Round "7"]
[Result "0-1"]
[White "Elena Tairova"]
[Black "Sergei Tikhomirov"]
[WhiteElo "2189"]
[BlackElo "2342"]
[PlyCount "124"]

1. e4 e5 2. Nf3 Nc6 3. d4 exd4 4. Nxd4 Bc5 5. Nxc6 Qf6 6. Qd2
bxc6 7. Nc3 Nh6 8. Bd3 Ng4 9. O-O Qh4 10. h3 Ne5 11. Qf4 Qxf4
12. Bxf4 Nxd3 13. cxd3 d6 14. Rad1 Bd4 15. Be3 Bxe3 16. fxe3
Rb8 17. b3 O-O 18. d4 f6 19. Rd2 Bd7 20. Kf2 Rbe8 21. b4 f5
22. e5 dxe5 23. dxe5 Bc8 24. b5 f4 25. e4 cxb5 26. Nxb5 Rxe5
27. Nxa7 Rxe4 28. Nxc8 Rxc8 29. Rfd1 Kf7 30. Rd4 Rxd4 31. Rxd4
g5 32. h4 h6 33. hxg5 hxg5 34. Kf3 Ke6 35. Ke4 Ra8 36. a4 c5
37. Rc4 Ra5 38. Kd3 Kd5 39. g3 Ra8 40. gxf4 Rh8 41. Rc1 Rh3+
42. Ke2 gxf4 43. Rd1+ Ke4 44. Rd8 Rh2+ 45. Ke1 Ra2 46. Re8+
Kd3 47. Rd8+ Kc3 48. Rc8 c4 49. Rf8 Rxa4 50. Rxf4 Ra1+ 51. Ke2
Kb3 52. Rf8 c3 53. Rb8+ Kc2 54. Rc8 Ra7 55. Ke3 Re7+ 56. Kf2
Kd2 57. Rd8+ Kc1 58. Rc8 c2 59. Rb8 Ra7 60. Ke2 Ra2 61. Rh8
Kb1 62. Rb8+ Rb2 0-1

[Event "Serpukhov-D"]
[Site "Serpukhov"]
[Date "2003.??.??"]
[EventDate "?"]
[Round "4"]
[Result "1/2-1/2"]
[White "Elena Tairova"]
[Black "Erik Azizbekian"]
[WhiteElo "2189"]
[BlackElo "2104"]
[PlyCount "92"]

1. e4 c5 2. Nf3 Nf6 3. Nc3 d5 4. exd5 Nxd5 5. g3 Nc6 6. Bg2
Bg4 7. h3 Bh5 8. O-O e6 9. Re1 Be7 10. d3 O-O 11. Ne2 Bf6
12. c3 Qd7 13. g4 Bg6 14. h4 h5 15. gxh5 Bxh5 16. Ng3 Bxf3
17. Qxf3 Ne5 18. Qe2 Ng6 19. Be4 Ndf4 20. Qf3 e5 21. Nf5 Rad8
22. h5 Ne7 23. Nxe7+ Bxe7 24. Bxf4 exf4 25. Qxf4 Qh3 26. Qf5
Qxf5 27. Bxf5 Bf6 28. Rad1 Rd5 29. Bg4 Rg5 30. f3 Bd8 31. Kf2
f5 32. Bh3 Rxh5 33. Rh1 Bh4+ 34. Kf1 Bg3 35. Bg2 Rxh1+
36. Bxh1 Kf7 37. d4 Rd8 38. Ke2 cxd4 39. cxd4 Bf4 40. Bg2 Re8+
41. Kf2 Rc8 42. Re1 Rc2+ 43. Re2 Rc4 44. Bf1 Rxd4 45. Rc2 Ke7
46. Bb5 Rd2+ 1/2-1/2

[Event "Serpukhov-D"]
[Site "Serpukhov"]
[Date "2003.??.??"]
[EventDate "?"]
[Round "1"]
[Result "1-0"]
[White "Igor Gulkov"]
[Black "Elena Tairova"]
[WhiteElo "2355"]
[BlackElo "2189"]
[PlyCount "133"]

1. Nf3 d5 2. d4 Nf6 3. c4 c6 4. Nc3 dxc4 5. a4 Bf5 6. Ne5 Nbd7
7. Nxc4 Qc7 8. g3 e5 9. dxe5 Nxe5 10. Bf4 Nfd7 11. Qd4 f6
12. Rd1 Bc5 13. Nd6+ Bxd6 14. Qxd6 Qxd6 15. Rxd6 O-O-O 16. Bg2
Nc5 17. Rxd8+ Rxd8 18. b4 Ne6 19. Be3 Nd4 20. O-O Nc4 21. b5
c5 22. Bc1 Bc2 23. Re1 Re8 24. Kf1 h6 25. f4 Ne3+ 26. Kf2 Nxg2
27. Kxg2 f5 28. Kf2 Kc7 29. Ba3 b6 30. e3 Nb3 31. Bb2 Na5
32. Re2 Bd3 33. Rd2 Rd8 34. Rd1 Nb3 35. h3 h5 36. h4 g6
37. Ke1 c4 38. Ba3 Nc5 39. Bxc5 bxc5 40. a5 Kb7 41. Rd2 Rb8
42. Kf2 Kc7 43. Rb2 Be4 44. Rd2 Bd3 45. Rb2 Be4 46. Ke2 a6
47. b6+ Kb7 48. Nxe4 fxe4 49. Rc2 Kc6 50. Rxc4 Kb5 51. Rxe4
Kxa5 52. Re5 Kb5 53. Re6 a5 54. Rxg6 a4 55. g4 Rxb6 56. gxh5
a3 57. Rg1 Kc4 58. Rc1+ Kd5 59. Ra1 Ra6 60. Kf3 c4 61. h6 Rxh6
62. Rxa3 Rxh4 63. Ra5+ Kd6 64. Ke4 Rh8 65. Rd5+ Ke6 66. Rc5
Rh1 67. Rxc4 1-0

[Event "Serpukhov-D"]
[Site "Serpukhov"]
[Date "2003.??.??"]
[EventDate "?"]
[Round "10"]
[Result "0-1"]
[White "Yana Melnikova"]
[Black "Elena Tairova"]
[WhiteElo "2235"]
[BlackElo "2189"]
[PlyCount "116"]

1. e4 d5 2. exd5 Qxd5 3. Nc3 Qa5 4. d4 Nf6 5. Nf3 Bf5 6. Bc4
e6 7. Bd2 c6 8. Nd5 Qd8 9. Nxf6+ gxf6 10. c3 Bd6 11. Nh4 Bg6
12. Qe2 Nd7 13. O-O Qc7 14. g3 O-O-O 15. b4 e5 16. d5 e4
17. dxc6 Qxc6 18. Bb5 Qd5 19. c4 Qh5 20. Bxd7+ Rxd7 21. Qe3
Kb8 22. Bc3 Be5 23. Bxe5+ Qxe5 24. Rad1 Rhd8 25. Qc1 Rd3
26. Rfe1 Qd6 27. Rxd3 exd3 28. Qd2 Qd4 29. Nxg6 hxg6 30. c5
Qc4 31. Rd1 g5 32. Rc1 Qe4 33. Re1 Qd4 34. a3 a6 35. a4 Ka7
36. Rd1 Re8 37. Rf1 Re2 38. Qd1 Qe4 39. b5 Qc4 40. b6+ Kb8
41. Qa1 Re6 42. Rc1 Qd5 43. Qc3 d2 44. Rd1 Re2 45. c6 bxc6
46. Qb4 c5 47. Qc3 Qd4 48. Qxd4 cxd4 49. Kf1 d3 50. a5 g4
51. Kg2 Kb7 52. Kf1 Kc6 53. Kg2 Kd5 54. b7 Re8 55. Rxd2 Kd4
56. Rb2 Rb8 57. Kf1 Kc3 58. Rb6 Kd2 0-1

[Event "Serpukhov-D"]
[Site "Serpukhov"]
[Date "2003.??.??"]
[EventDate "?"]
[Round "12"]
[Result "1-0"]
[White "Ildar Khairullin"]
[Black "Elena Tairova"]
[WhiteElo "2331"]
[BlackElo "2189"]
[PlyCount "65"]

1. e4 d5 2. exd5 Qxd5 3. Nc3 Qa5 4. g3 Nf6 5. Bg2 g6 6. Nge2
Bg7 7. O-O O-O 8. d3 Bd7 9. Bxb7 Nc6 10. Bxa8 Rxa8 11. f3 Nd5
12. Nxd5 Qxd5 13. Kg2 h5 14. d4 Qf5 15. c3 Rd8 16. Be3 Bc8
17. Qb1 Qe6 18. Qe4 Qc4 19. Qc2 Bf5 20. Qd2 e5 21. b3 Qe6
22. Kf2 exd4 23. cxd4 Ne5 24. Nf4 Qc6 25. Qe2 g5 26. dxe5 gxf4
27. gxf4 Bc8 28. Qc4 Qxc4 29. bxc4 Ba6 30. Rg1 Bxc4 31. Rg5
Kh7 32. Rxh5+ Bh6 33. f5 1-0

[Event "Voronezh op 8th"]
[Site "Voronezh"]
[Date "2004.06.12"]
[EventDate "?"]
[Round "1"]
[Result "0-1"]
[White "Elena Tairova"]
[Black "Dmitrij Rodin"]
[WhiteElo "2241"]
[BlackElo "2452"]
[PlyCount "68"]

1. e4 d5 2. exd5 Nf6 3. d4 Bg4 4. f3 Bf5 5. Bb5+ Nbd7 6. Ne2
Nxd5 7. c4 Nb4 8. Na3 c6 9. Ba4 Nd3+ 10. Kf1 Nxc1 11. Rxc1 e5
12. c5 Qf6 13. b4 Be7 14. d5 O-O 15. d6 Bd8 16. Bc2 a5 17. Ng3
Bxc2 18. Nxc2 axb4 19. Nxb4 Qf4 20. Nd3 Qd4 21. Qb3 Bg5
22. Rc2 g6 23. Ke2 Ra5 24. Ne4 Rb5 25. Qc3 Qe3+ 26. Kf1 Rb1+
27. Ne1 Ra8 28. Nxg5 Qxg5 29. h4 Qf4 30. h5 Ra4 31. hxg6 hxg6
32. g4 Rc4 33. Qa3 Rxc2 34. Qa8+ Nf8 0-1

[Event "Voronezh op 8th"]
[Site "Voronezh"]
[Date "2004.06.15"]
[EventDate "?"]
[Round "4"]
[Result "0-1"]
[White "Elena Tairova"]
[Black "Igor Dmitriev"]
[WhiteElo "2241"]
[BlackElo "2404"]
[PlyCount "86"]

1. e4 e6 2. d4 d5 3. Nc3 Bb4 4. exd5 exd5 5. Bd3 c6 6. Nge2
Nd7 7. Bf4 Nf8 8. Qd2 Nf6 9. a3 Be7 10. h3 Ng6 11. Be3 Bd6
12. O-O Qc7 13. Rae1 O-O 14. f4 Kh8 15. f5 Ne7 16. Rf3 Neg8
17. Ref1 Re8 18. Qe1 b5 19. Nd1 Bd7 20. Kh1 c5 21. dxc5 Bxc5
22. Qh4 a5 23. c3 b4 24. axb4 axb4 25. Bxc5 Qxc5 26. cxb4 Qd6
27. Ndc3 Re5 28. Qd4 Rae8 29. b5 h6 30. Ng3 Bc8 31. Ra1 Bb7
32. Ra7 Re1+ 33. Nf1 Qb8 34. Ra3 Ne4 35. Kg1 Ngf6 36. Bxe4
Nxe4 37. Re3 Ng3 38. Rxe8+ Qxe8 39. Kf2 Nxf1 40. f6 Ne3
41. Ne4 Rf1+ 42. Kxe3 Rxf6 43. b6 Re6 0-1

[Event "Voronezh op 8th"]
[Site "Voronezh"]
[Date "2004.06.17"]
[EventDate "?"]
[Round "6"]
[Result "0-1"]
[White "Elena Tairova"]
[Black "Veronika Avdeeva"]
[WhiteElo "2241"]
[BlackElo "2142"]
[PlyCount "86"]

1. e4 c5 2. Nf3 d6 3. Bb5+ Nd7 4. d4 Ngf6 5. Nc3 a6 6. Bxd7+
Nxd7 7. O-O e6 8. dxc5 Nxc5 9. a4 b6 10. b4 Nd7 11. Bb2 Be7
12. Qd4 Nf6 13. Rfd1 O-O 14. e5 dxe5 15. Qxe5 Bd7 16. Ne4 Rc8
17. Qg5 Ne8 18. Qd2 Bc6 19. Qe1 Qc7 20. Nd4 Bd5 21. Rd3 Qb7
22. Ng3 Nf6 23. f3 Bc4 24. Rdd1 Nd5 25. c3 Nf4 26. Ba3 Rfd8
27. Ne4 Bd5 28. Nf2 Qc7 29. Bb2 Bd6 30. Ng4 Ng6 31. h3 Bg3
32. Qe2 Bc4 33. Qc2 Bf4 34. Ne2 Bg5 35. Nd4 h5 36. Nf2 Be3
37. Qe4 Qf4 38. Qxf4 Nxf4 39. Bc1 Ne2+ 40. Kh2 Bxf2 41. Bg5
Bg3+ 42. Kh1 Rd5 43. Nxe2 Bxe2 0-1

[Event "RUS-ch U20 Girls"]
[Site "Nojabrsk"]
[Date "2005.03.02"]
[EventDate "?"]
[Round "9"]
[Result "0-1"]
[White "Elena Tairova"]
[Black "Natalia Pogonina"]
[WhiteElo "2450"]
[BlackElo "2501"]
[PlyCount "142"]

1.e4 c5 2.Nf3 d6 3.c4 Nf6 4.Nc3 Nc6 5.d4 cxd4 6.Nxd4 g6 7.Be2
Nxd4 8.Qxd4 Bg7 9.Be3 O-O 10.Qd2 Be6 11.O-O Qa5 12.f3 Rfc8
13.b3 a6 14.Rac1 b5 15.Nb1 Qxd2 16.Nxd2 Bd7 17.Rfd1 Ne8 18.Nb1
b4 19.Nd2 Nc7 20.Bd3 Ne6 21.Nf1 a5 22.Bf2 Nc5 23.Ne3 Kf8
24.Nd5 Rab8 25.Bc2 h6 26.Bg3 Rb7 27.Bf2 g5 28.g3 e6 29.Ne3 Ke7
30.Ng2 Bb2 31.Rb1 Bc3 32.Ne1 e5 33.Ng2 Be6 34.Ne3 Bd4 35.Nf5+
Bxf5 36.Bxd4 Be6 37.Bb2 a4 38.Kf2 Ra8 39.Ke3 axb3 40.axb3 Ra2
41.Rdc1 Rb8 42.Re1 f6 43.Rec1 h5 44.Rf1 Rh8 45.Rf2 g4 46.fxg4
Bxg4 47.Bd1 Bxd1 48.Rxd1 Rha8 49.Rb1 Nxb3 50.Rf5 Na5 51.Kd3
Rc8 52.Rxh5 Rxc4 53.Rh7+ Ke6 54.Ra7 Rc8 55.Rg7 d5 56.exd5+
Kxd5 57.Rg4 Rc4 58.Rg8 Rc7 59.Rd8+ Ke6 60.Rb8 Rd7+ 61.Kc2 b3+
62.Kc3 Ra4 63.Rb6+ Kf7 64.Bc1 Rc4+ 65.Kb2 Rc2+ 66.Ka3 Nc4+
67.Kxb3 Rxc1 68.Rxf6+ Kxf6 69.Rxc1 Nd2+ 70.Kc2 Nf3 71.Rf1 e4
0-1

[Event "RUS-chT (Women)"]
[Site "Sochi"]
[Date "2005.04.19"]
[EventDate "?"]
[Round "3"]
[Result "1-0"]
[White "Natalia Pogonina"]
[Black "Elena Tairova"]
[WhiteElo "2501"]
[BlackElo "2450"]
[PlyCount "99"]

1.e4 c5 2.Nf3 d6 3.d4 cxd4 4.Nxd4 Nf6 5.Nc3 a6 6.Be2 e5 7.Nb3
Be7 8.Be3 Be6 9.O-O O-O 10.Qd2 Nbd7 11.a4 Rc8 12.a5 Qc7
13.Rfc1 Kh8 14.Bf3 Rg8 15.g3 Nc5 16.Nxc5 dxc5 17.Bg5 Rgd8
18.Qe2 Ng8 19.Be3 Nf6 20.Na4 Qxa5 21.Nxc5 Qb6 22.Nxe6 Qxe6
23.c3 h6 24.Rd1 Qc6 25.Ra5 Rxd1+ 26.Qxd1 Rd8 27.Qb3 Bd6
28.Qxf7 Rf8 29.Qg6 Qc7 30.Ra1 Bc5 31.Re1 Bxe3 32.Rxe3 Qd7
33.Kg2 Qd2 34.Re2 Qd7 35.h4 Qd3 36.Re3 Qd2 37.b4 Qc2 38.Qf5
Rd8 39.Bg4 Rf8 40.Qf3 Rd8 41.Be6 Re8 42.Bf5 Rf8 43.Qe2 Qc1
44.Rd3 b6 45.Qa2 Qe1 46.Re3 Qd1 47.Qe6 Qd2 48.Rf3 Qe2 49.Bg6
Qb5 50.Rxf6 1-0

[Event "ch-RUS w"]
[Site "Gorodets RUS"]
[Date "2006.??.??"]
[EventDate "?"]
[Round "11"]
[Result "1-0"]
[White "Elena Tairova"]
[Black "Ekaterina Korbut"]
[WhiteElo "2415"]
[BlackElo "2435"]
[PlyCount "83"]

1. e4 c5 2. Nc3 Nc6 3. Nf3 g6 4. d4 cxd4 5. Nxd4 Bg7 6. Be3
Nf6 7. Nxc6 bxc6 8. e5 Ng8 9. Bd4 f6 10. f4 Qa5 11. Bc4 fxe5
12. fxe5 Bxe5 13. Qd3 Nf6 14. O-O-O e6 15. Bxe6 Bf4+ 16. Kb1
dxe6 17. Bxf6 O-O 18. Ne4 Ba6 19. Qf3 Qc7 20. Qc3 Be2 21. Rde1
Bg4 22. g3 Bh6 23. Be5 Qd7 24. Ref1 Qd5 25. Nf6+ Rxf6 26. Bxf6
Be2 27. Re1 Bd2 28. Qa3 c5 29. Bc3 Bxe1 30. Rxe1 Bg4 31. b3
Bf5 32. Qc1 Rd8 33. Kb2 Qg2 34. Rd1 Rd5 35. Rd2 Qe4 36. Rf2
Qg4 37. Qh6 e5 38. Rf4 Qd1 39. Rf2 a5 40. Qg5 Kf7 41. g4 Qg1
42. Qh4 1-0

[Event "Russian Club Championship: Women"]
[Site "Sochi RUS"]
[Date "2006.04.20"]
[EventDate "2006.04.20"]
[Round "1"]
[Result "1-0"]
[White "Anna Dushenok"]
[Black "Elena Tairova"]
[WhiteElo "2168"]
[BlackElo "2342"]
[PlyCount "121"]

1. d4 d5 2. c4 c6 3. Nf3 Nf6 4. Qc2 g6 5. Bf4 Bf5 6. Qb3 Qb6
7. c5 Qxb3 8. axb3 Nbd7 9. b4 a6 10. Nc3 Rc8 11. h3 Bg7 12. e3
O-O 13. Be2 Rfe8 14. Bh2 Be4 15. Nxe4 dxe4 16. Nd2 e5 17. dxe5
Nxe5 18. Bxe5 Rxe5 19. Nc4 Re7 20. Nd6 Rd8 21. Bc4 Ne8
22. Nxf7 Rxf7 23. Rd1 Rxd1+ 24. Kxd1 Nc7 25. Bxf7+ Kxf7
26. Kc2 Nd5 27. Kb3 Ke6 28. Rc1 Be5 29. Rc4 Nf6 30. Rc2 h5
31. Rc4 h4 32. f3 Kf5 33. Kc2 exf3 34. gxf3 g5 35. b3 Ke6
36. Kd3 Nd5 37. Re4 Kf6 38. Rg4 Bg3 39. Ke2 Nc3+ 40. Kd2 Nd5
41. Ke2 Nc7 42. Rd4 Ke7 43. Re4+ Ne6 44. Rg4 Kf6 45. Rc4 g4
46. Rxg4 Ng5 47. f4 Nxh3 48. Kf3 Nf2 49. Rg8 Nd3 50. Rb8 Nxb4
51. Rxb7 a5 52. Rd7 Kg6 53. Kg4 Bf2 54. e4 Bxc5 55. e5 Nc2
56. f5+ Kh6 57. Rd6+ Kg7 58. Rxc6 Ne3+ 59. Kg5 Bd4 60. f6+ Kf7
61. e6+ 1-0

[Event "Russian Club Championship: Women"]
[Site "Sochi RUS"]
[Date "2006.04.24"]
[EventDate "2006.04.20"]
[Round "5"]
[Result "1-0"]
[White "Elena Tairova"]
[Black "Naira Movsisian"]
[WhiteElo "2342"]
[BlackElo "2291"]
[PlyCount "95"]

1. e4 e6 2. d4 d5 3. Nc3 Nf6 4. e5 Nfd7 5. f4 c5 6. Nf3 Nc6
7. Be3 Rb8 8. Qd2 Qa5 9. g4 b5 10. Bg2 h5 11. gxh5 Rxh5
12. O-O cxd4 13. Nxd4 Nxd4 14. Bxd4 g6 15. a3 Qc7 16. b4 Be7
17. Ne2 Nb6 18. Rf3 Nc4 19. Qd3 a6 20. Kh1 Bb7 21. c3 Kd7
22. Rh3 Rbh8 23. Rxh5 Rxh5 24. Ng3 Rh6 25. Qe2 Qc8 26. Nf1 Rh4
27. Qf3 Qh8 28. Bf2 Rh5 29. Bg3 Qc8 30. a4 bxa4 31. Rxa4 Bc6
32. Ra2 Bb5 33. Bf2 Qc6 34. Ng3 Rh6 35. Ne2 Bh4 36. Nd4 Qb7
37. Bxh4 Rxh4 38. Nxb5 Qxb5 39. Qf2 Rh5 40. Qa7+ Ke8 41. Qa8+
Ke7 42. Rxa6 Nb6 43. Qb7+ Kf8 44. Ra8+ Kg7 45. Qb8 Nxa8
46. Qxb5 Rh8 47. Qb7 Rd8 48. b5 1-0

[Event "Russian Club Championship: Women"]
[Site "Sochi RUS"]
[Date "2006.04.25"]
[EventDate "2006.04.20"]
[Round "6"]
[Result "1-0"]
[White "Nadezhda Kosintseva"]
[Black "Elena Tairova"]
[WhiteElo "2469"]
[BlackElo "2342"]
[PlyCount "85"]

1. e4 e6 2. d4 d5 3. Nc3 Nf6 4. e5 Nfd7 5. f4 c5 6. Nf3 Nc6
7. Be3 cxd4 8. Nxd4 Bc5 9. Qd2 O-O 10. O-O-O a6 11. Qf2 Bxd4
12. Bxd4 b5 13. Be3 b4 14. Na4 f6 15. exf6 Nxf6 16. Bb6 Qe8
17. Bc5 Ne4 18. Qe3 Ne5 19. fxe5 Qxa4 20. Bd3 Nxc5 21. Qxc5
Bd7 22. Rhf1 Rfe8 23. Qf2 Rf8 24. Qh4 h6 25. Qg4 Rf5 26. Bxf5
exf5 27. Qd4 Be6 28. Qb6 Re8 29. Kb1 Kf7 30. b3 Qd7 31. Qxb4
Qc7 32. Qd4 Kg8 33. Rf2 a5 34. Rd3 a4 35. Qxa4 Bd7 36. Qf4 Qa5
37. Qd2 Qa3 38. Rxd5 Ra8 39. c3 Bc6 40. Rd8+ Kh7 41. Rxa8 Be4+
42. Ka1 Qxa8 43. Kb2 1-0

[Event "Russian Club Championship: Women"]
[Site "Sochi RUS"]
[Date "2006.04.26"]
[EventDate "2006.04.20"]
[Round "7"]
[Result "1-0"]
[White "Elena Tairova"]
[Black "Viktoria Zemlianukhina"]
[WhiteElo "2342"]
[BlackElo "2063"]
[PlyCount "53"]

1. e4 d5 2. exd5 Nf6 3. d4 Nxd5 4. Be2 g6 5. Nf3 Bg7 6. O-O
O-O 7. c4 Nb6 8. Nc3 Nc6 9. d5 Ne5 10. c5 Nbd7 11. Nxe5 Bxe5
12. Be3 Bg7 13. Qb3 Nf6 14. Rad1 Rb8 15. h3 b6 16. Qa3 a6
17. Rfe1 Nd7 18. b4 a5 19. bxa5 Ra8 20. a6 Bxa6 21. Bxa6 Nb8
22. Qb3 Rxa6 23. Bg5 Re8 24. d6 cxd6 25. cxd6 Qc8 26. Nd5 Nc6
27. d7 1-0

[Event "Russian Club Championship: Women"]
[Site "Sochi RUS"]
[Date "2006.04.27"]
[EventDate "2006.04.20"]
[Round "8"]
[Result "0-1"]
[White "Tanya Fenina"]
[Black "Elena Tairova"]
[WhiteElo "2078"]
[BlackElo "2342"]
[PlyCount "96"]

1. e4 e6 2. d3 d5 3. Nd2 Nf6 4. g3 b6 5. Bg2 Bb7 6. Qe2 Be7
7. Ngf3 dxe4 8. dxe4 Ba6 9. c4 Nc6 10. O-O e5 11. b3 Bc5
12. Bb2 Qe7 13. Rad1 Rd8 14. Nh4 g6 15. Ndf3 O-O 16. h3 Bb7
17. Bc1 Rxd1 18. Rxd1 Rd8 19. Rxd8+ Qxd8 20. Bg5 Qd6 21. Bf1
Nh5 22. Kh2 Nd4 23. Nxd4 Bxd4 24. Nf3 Bc5 25. Be3 Bxe4
26. Bxc5 Bxf3 27. Bxd6 Bxe2 28. Bxe2 cxd6 29. Kg2 Ng7 30. g4
Ne6 31. Bf3 Nf4+ 32. Kg3 f6 33. Be4 Ne2+ 34. Kf3 Nc3 35. a3
Nxe4 36. Kxe4 Kf7 37. Kd5 Ke7 38. b4 h6 39. a4 a5 40. bxa5
bxa5 41. f3 Kd7 42. h4 h5 43. gxh5 gxh5 44. c5 dxc5 45. Kxc5
Ke6 46. Kb5 f5 47. Kxa5 e4 48. fxe4 f4 0-1

[Event "Russian Club Championship: Women"]
[Site "Sochi RUS"]
[Date "2006.04.28"]
[EventDate "2006.04.20"]
[Round "9"]
[Result "1/2-1/2"]
[White "Julia Kochetkova"]
[Black "Elena Tairova"]
[WhiteElo "2366"]
[BlackElo "2342"]
[PlyCount "101"]

1. e4 e6 2. d4 d5 3. Nd2 c5 4. exd5 exd5 5. Ngf3 Nf6 6. Bb5+
Bd7 7. Bxd7+ Nbxd7 8. O-O Be7 9. Re1 O-O 10. Nf1 Re8 11. Bg5
h6 12. Bh4 Qb6 13. Ne5 Nf8 14. dxc5 Bxc5 15. Qf3 N8h7 16. Nd3
Re4 17. Bxf6 Nxf6 18. Ng3 Rae8 19. Rf1 Bd6 20. Qf5 Bxg3
21. hxg3 g6 22. Qf3 Kg7 23. Rad1 h5 24. b3 Qc7 25. Nf4 Qe5
26. Qd3 Rc8 27. Qb5 b6 28. Qa6 Rc7 29. Qd3 h4 30. Nxd5 Nxd5
31. Qxd5 Qxd5 32. Rxd5 Rxc2 33. gxh4 Rxa2 34. g3 Rb2 35. Rd3
Rb4 36. Ra1 a5 37. Ra3 Kf6 38. Rf3+ Ke6 39. Kg2 f5 40. Rc3 Kd5
41. Rf3 Kc5 42. h5 gxh5 43. Rxf5+ Kd4 44. Rf3 Rb1 45. Re3 Rd1
46. Ra4 Rxa4 47. bxa4 Ra1 48. Rb3 Kc5 49. Rc3+ Kd5 50. Rb3 Kc5
51. Rc3+ 1/2-1/2

[Event "4th Young Stars of the World"]
[Site "Kirishi RUS"]
[Date "2006.05.09"]
[EventDate "2006.05.09"]
[Round "1"]
[Result "0-1"]
[White "Elena Tairova"]
[Black "Daniil Lintchevski"]
[WhiteElo "2342"]
[BlackElo "2414"]
[PlyCount "126"]

1. e4 c5 2. Nf3 e6 3. d4 cxd4 4. Nxd4 Nf6 5. Nc3 Nc6 6. Be2
Bb4 7. O-O Bxc3 8. bxc3 Nxe4 9. Bd3 d5 10. Bxe4 dxe4 11. Qg4
O-O 12. Qxe4 Nxd4 13. cxd4 Qd5 14. Qd3 b5 15. c3 Bb7 16. Qg3
Rac8 17. Bd2 e5 18. f3 f6 19. Rfd1 exd4 20. Bh6 Qf7 21. Rxd4
Qg6 22. Bd2 Qxg3 23. hxg3 Rfd8 24. a4 b4 25. Rxb4 Bxf3 26. Be1
Bd5 27. Rd4 Bb3 28. Rb4 Bc4 29. a5 a6 30. Rb6 Rd5 31. Bf2 Rd2
32. g4 h6 33. Bd4 Re8 34. Rb4 Bd5 35. Bf2 Ree2 36. Rf1 Be6
37. c4 Re4 38. Rc1 Rxg4 39. Rb8+ Kf7 40. c5 Bd5 41. g3 Ra4
42. Rd8 Raa2 43. c6 Rxf2 44. Rxd5 Rg2+ 45. Kh1 Rh2+ 46. Kg1
Rag2+ 47. Kf1 Rh1+ 48. Kxg2 Rxc1 49. Rd6 g5 50. c7 Rxc7
51. Rxa6 h5 52. Ra8 Kg6 53. a6 Kf5 54. Rb8 Rc2+ 55. Kf3 Rc3+
56. Kf2 Ra3 57. Rb6 Kg4 58. Rd6 Ra2+ 59. Ke3 Kxg3 60. Ke4 h4
61. Rb6 h3 62. Rb3+ Kg4 63. Rb6 h2 0-1

[Event "4th Young Stars of the World"]
[Site "Kirishi RUS"]
[Date "2006.05.10"]
[EventDate "2006.05.09"]
[Round "2"]
[Result "0-1"]
[White "Robert Hovhannisyan"]
[Black "Elena Tairova"]
[WhiteElo "2260"]
[BlackElo "2342"]
[PlyCount "162"]

1. d4 d5 2. c4 c6 3. Nf3 Nf6 4. e3 Bf5 5. Nc3 e6 6. Nh4 Bg6
7. Nxg6 hxg6 8. g3 Nbd7 9. Bg2 Be7 10. Qe2 O-O 11. O-O Re8
12. Rd1 Bb4 13. Bd2 a5 14. a3 Bxc3 15. Bxc3 Ne4 16. Bxe4 dxe4
17. d5 exd5 18. cxd5 c5 19. Rac1 Qb6 20. Qc4 Qd6 21. Qb5 b6
22. Qc6 Qe7 23. b3 Rac8 24. Qb5 Qd6 25. Rc2 Nf8 26. Qa6 Red8
27. Qc4 Re8 28. Qa6 Rcd8 29. Kg2 Ne6 30. h4 g5 31. Qc4 Nf8
32. hxg5 Nh7 33. Qe2 Nxg5 34. Qh5 f6 35. Rh1 Qd7 36. g4 Kf8
37. Rd2 Qf7 38. Rdd1 Rd6 39. b4 axb4 40. axb4 Qxh5 41. gxh5
Red8 42. bxc5 bxc5 43. Ba5 R8d7 44. Rb1 Rxd5 45. Rb8+ Kf7
46. h6 gxh6 47. Rxh6 Ne6 48. Bc3 Rg5+ 49. Kf1 Rg6 50. Rh7+ Ng7
51. Rh4 Re7 52. Rc8 Rg5 53. Rh6 Ne8 54. Rh7+ Ke6 55. Rh8 Nd6
56. Rc6 Rf5 57. Ra8 Kd5 58. Raa6 Rd7 59. Bb2 Nc4 60. Bxf6
Nxe3+ 61. Ke2 Nc4 62. Bc3 Rf3 63. Be1 Rb7 64. Rh6 Rb2+ 65. Kf1
Ne3+ 66. Kg1 Nf5 67. Rhb6 Rxb6 68. Rxb6 Nd4 69. Rb8 Kc4
70. Bd2 Rb3 71. Rd8 Rd3 72. Ba5 Nf3+ 73. Kg2 Rxd8 74. Bxd8 Kd3
75. Be7 c4 76. Kg3 c3 77. Ba3 Nd4 78. Kg4 c2 79. Bb2 Ne2
80. f4 Nxf4 81. Kxf4 e3 0-1

[Event "4th Young Stars of the World"]
[Site "Kirishi RUS"]
[Date "2006.05.11"]
[EventDate "2006.05.09"]
[Round "3"]
[Result "1-0"]
[White "Elena Tairova"]
[Black "Aleksandr Volodin"]
[WhiteElo "2342"]
[BlackElo "2352"]
[PlyCount "109"]

1. e4 c5 2. Nf3 e6 3. d4 cxd4 4. Nxd4 Nf6 5. Nc3 d6 6. f4 Nc6
7. Be3 Be7 8. Qf3 e5 9. Nxc6 bxc6 10. f5 Qa5 11. O-O-O Rb8
12. Bc4 O-O 13. Bb3 Nd7 14. g4 Nc5 15. g5 Nxb3+ 16. axb3 d5
17. f6 Bb4 18. fxg7 Rd8 19. Nb1 Be6 20. h4 dxe4 21. Qf6 Qc7
22. h5 Rxd1+ 23. Rxd1 Bg4 24. Rf1 Bxh5 25. Nd2 Bxd2+ 26. Bxd2
Re8 27. Rh1 Bg6 28. Bc3 Qb6 29. Re1 Re6 30. Qf1 Qc5 31. b4 Qe7
32. Qg1 Rd6 33. Qg3 Rd5 34. Rd1 Rb5 35. Qg4 Rd5 36. Qg3 f5
37. Rxd5 cxd5 38. Qxe5 Qxg5+ 39. Kb1 Qd8 40. Bd4 a6 41. Qe6+
Bf7 42. Qxf5 Qe8 43. Qg5 Qb5 44. Qd8+ Qe8 45. Qd6 Be6 46. Qxa6
h5 47. Qd6 Qf7 48. Qd8+ Kh7 49. Qh8+ Kg6 50. g8=R Qxg8
51. Qf6+ Kh7 52. b5 Bc8 53. b6 Qg4 54. Qf7+ Kh6 55. Be3+ 1-0

[Event "4th Young Stars of the World"]
[Site "Kirishi RUS"]
[Date "2006.05.12"]
[EventDate "2006.05.09"]
[Round "4"]
[Result "1-0"]
[White "Ivan Popov"]
[Black "Elena Tairova"]
[WhiteElo "2482"]
[BlackElo "2342"]
[PlyCount "43"]

1. d4 d5 2. c4 c6 3. e3 Bf5 4. cxd5 cxd5 5. Qb3 Qc7 6. Nc3 e6
7. e4 Bxe4 8. Bf4 Qb6 9. Nb5 Na6 10. f3 Bg6 11. Rc1 Bb4+
12. Kf2 Rd8 13. Bc7 Nxc7 14. Qxb4 Na6 15. Nc7+ Nxc7 16. Qxb6
axb6 17. Rxc7 Rb8 18. Bb5+ Kf8 19. Ne2 Ne7 20. Rhc1 f6 21. Nf4
Kf7 22. Rxe7+ 1-0

[Event "4th Young Stars of the World"]
[Site "Kirishi RUS"]
[Date "2006.05.13"]
[EventDate "2006.05.09"]
[Round "5"]
[Result "1-0"]
[White "Elena Tairova"]
[Black "Alex Kulikov"]
[WhiteElo "2342"]
[BlackElo "2038"]
[PlyCount "49"]

1. e4 Nc6 2. d4 d5 3. e5 f6 4. exf6 exf6 5. Nc3 Bf5 6. Be3 Bb4
7. Nge2 Nge7 8. Nf4 Qd7 9. Bb5 O-O 10. O-O Rfd8 11. Nce2 Bd6
12. c3 Qc8 13. Ng3 Kh8 14. h3 Nb8 15. Nxf5 Nxf5 16. Qh5 Nxe3
17. Bd3 f5 18. fxe3 Bxf4 19. Bxf5 g6 20. Bxg6 Bxe3+ 21. Kh1
Rd7 22. Rae1 Qg8 23. Rxe3 Nc6 24. Bf7 Qg7 25. Bxd5 1-0